000 00578nam a2200217Ia 4500
005 20241129115934.0
008 241129s9999||||xx |||||||||||||| ||und||
020 _a9789355721464
037 _aTB
040 _aSDCL
_beng
_cSDCL
041 _aeng
_2eng
084 _aY5927, Q8
_qSDCL
100 _aJha Vivekanand
_9612343
245 0 _aCandala : Untouchability and caste in early India
260 _aDelhi
_bPrimus Books
_c2018
300 _axiv,242p.
365 _aINR
_b450
650 _aReference
942 _cTB
_hY5927, Q8
999 _c1232669
_d1232669